Les 50 Villes françaises de plus de 10 000 hab aux plus hauts revenus - Statistiques

Statistiques générales
  • Ce quiz a été pris 35 fois
  • Le résultat moyen est 15 sur 50
Statistiques - réponses
Rang Dpt. Init. Ville Revenu % Correct
1 92 NSS Neuilly sur Seine 56 030
94%
19 78 V Versailles 38 530
65%
16 92 BB Boulogne Billancourt 40 000
59%
24 78 SGEL St Germain en Laye 37 970
59%
26 92 ILM Issy les Moulineaux 37 740
53%
17 92 LP Levallois Perret 39 630
53%
27 92 RM Rueil Malmaison 37 730
53%
3 78 LV Le Vésinet 49 120
47%
14 94 V Vincennes 40 120
47%
13 92 S Sceaux 40 220
38%
4 92 SC St Cloud 45 740
38%
31 94 SMDF St Maur des Fossés 37 390
38%
49 92 P Puteaux 35 160
35%
9 94 SM St Mandé 41 670
35%
33 92 BC Bois Colombes 37 240
32%
41 92 C Courbevoie 36 140
32%
18 91 GSY Gif sur Yvette 39 100
32%
21 92 BLR Bourg la Reine 38 150
29%
21 78 C Chatou 38 150
29%
8 92 G Garches 42 010
29%
29 94 NSM Nogent sur Marne 37 610
29%
20 74 SJEG St Julien en Genevois 38 360
29%
6 78 CSS Croissy sur Seine 43 350
26%
11 01 G Gex 41 100
26%
45 94 LPSM Le Perreux sur Marne 35 680
26%
7 78 ML Maisons Laffitte 42 520
26%
34 92 S Suresnes 36 950
26%
39 92 A Antony 36 480
24%
28 92 LGC La Garenne Colombes 37 720
24%
35 91 O Orsay 36 910
24%
5 92 VDA Ville d'Avray 43 480
24%
46 94 BSM Bry sur Marne 35 470
21%
2 01 DLB Divonne les Bains 52 680
21%
47 92 LPR Le Plessis Robinson 35 370
21%
42 78 MLR Marly le Roi 35 970
21%
25 92 S Sèvres 37 950
21%
37 92 C Chaville 36 840
18%
44 95 ELB Enghien les Bains 35 720
18%
40 91 I Igny 36 320
18%
48 78 LP Le Pecq 35 280
18%
12 78 V Viroflay 41 040
18%
43 76 BG Bois Guillaume 35 800
15%
23 78 LCR Le Chesnay Rocquencourt 37 990
15%
10 91 VLB Verrières le Buisson 41 260
15%
32 78 CSS Carrières sur Seine 37 270
12%
38 78 M Montesson 36 630
12%
30 13 C Cabriès 37 450
9%
15 78 VLB Voisins le Bretonneux 40 110
9%
50 69 G Genas 35 100
6%
36 74 VM Vétraz Monthoux 36 880
3%
Aucun quiz correspondant
Distribution des résultats
% des personnes avec chaque résultat
Percentile par nombre de réponses
Votre historique - résultats
Vous n’avez pas pris ce quiz